El Arica peruano de ayer : siglo XIX /

El presente artículo estudia las políticas administrativas implementadas por el Estado peruano en Arica, generando la activación de la zona para convertirla en un nodo que articuló los mercados regionales del sur del Perú y Bolivia durante el siglo XIX.

Bibliographic Details
Main Author: Rojas Varas, Pablo
Other Authors: Salinas Meruane, Paulina, Barrientos Delgado, Jaime
Format: Analitica de revista
Language:Spanish
Published: Concepción, Chile Universidad de Concepción 2012
Subjects:
Online Access:Acceso electrónico al documento

MARC

LEADER 00000cab a2200000 a 4500
001 025800
003 UAHC_CL
005 20180803140242.0
008 121119s2012 cl 000 spa
952 |0 0  |1 0  |4 0  |6 ATENEA_505_12_000000000000000  |7 0  |8 General  |9 52446  |a BC  |b BC  |c General  |d 2017-08-03  |l 0  |o ATENEA-505/12  |p FICTICIO608  |r 2019-01-08 00:00:00  |t 1  |w 2017-08-03  |y REVA 
999 |c 25800  |d 25800 
040 |a UAHC_CL  |c UAHC_CL  |d UAHC_CL 
100 1 |a Rojas Varas, Pablo 
245 1 3 |a El Arica peruano de ayer :  |b siglo XIX /  |c Alberto Díaz Araya, ...[et al.]. 
260 |b Universidad de Concepción  |a Concepción, Chile  |c 2012 
300 |a pp. 159-184 
310 |a Semestral 
500 |a En: Atenea. No. 505, I semestre 2012. pp. 159-184. ISSN: 07161840. 
520 |a El presente artículo estudia las políticas administrativas implementadas por el Estado peruano en Arica, generando la activación de la zona para convertirla en un nodo que articuló los mercados regionales del sur del Perú y Bolivia durante el siglo XIX. 
650 4 |a ARICA (CHILE) 
700 1 |a Salinas Meruane, Paulina 
700 1 |a Barrientos Delgado, Jaime 
773 0 |t Atenea  |w 025789 
856 |u http://www.scielo.cl/pdf/atenea/n505/art_08.pdf  |y Acceso electrónico al documento 
900 |a ATENEA-505/12 
942 |c REVA  |2 ddc